Big XII Cities - Statistics

General Stats
  • This quiz has been taken 939 times
  • The average score is 7 of 10
Answer Stats
Population Answer % Correct
820,611 Austin, TX
92%
126,697 Waco, TX
85%
113,273 Norman, OK
84%
46,048 Stillwater, OK
78%
758,738 Fort Worth, TX
74%
233,740 Lubbock, TX
74%
52,281 Manhattan, KS
67%
88,727 Lawrence, KS
63%
59,042 Ames, IA
61%
30,293 Morgantown, WV
56%
No matching quizzes found
Score Distribution
Percent of People with Each Score
Percentile by Number Answered
Your Score History
You have not taken this quiz